| Tag |
First Indicator |
Second Indicator |
Subfields |
| LEADER |
00000cam a22000008a 4500 |
| 001 |
in00000092806 |
| 005 |
20150923173255.0 |
| 008 |
810821s1982 enka b 00100 eng |
| 010 |
|
|
|a 81014666
|
| 020 |
|
|
|a 0471100781 :
|c $45.00 (est.)
|
| 035 |
|
|
|a (OCoLC)07735387
|
| 035 |
|
|
|9 AAK7812AM
|
| 039 |
0 |
|
|a 2
|b 3
|c 3
|d 3
|e 3
|
| 040 |
|
|
|a DLC
|c DLC
|d TXA
|d UtOrBLW
|
| 049 |
|
|
|a TXAM
|c [1197261]
|
| 050 |
0 |
0 |
|a HD30.4
|b M35
|
| 082 |
0 |
|
|a 658/.007
|2 19
|
| 245 |
0 |
0 |
|a Management education :
|b issues in theory, research, and practice /
|c edited by Richard D. Freedman, Cary L. Cooper, Stephen A. Stumpf.
|
| 263 |
|
|
|a 8207
|
| 264 |
|
1 |
|a Chichester [West Sussex] ;
|a New York :
|b Wiley,
|c [1982]
|
| 264 |
|
4 |
|c ©1982
|
| 300 |
|
|
|a ix, 278 pages :
|b illustrations ;
|c 24 cm.
|
| 336 |
|
|
|a text
|b txt
|2 rdacontent
|
| 337 |
|
|
|a unmediated
|b n
|2 rdamedia
|
| 338 |
|
|
|a volume
|b nc
|2 rdacarrier
|
| 504 |
|
|
|a Includes bibliographies and indexes.
|
| 650 |
|
0 |
|a Management
|x Study and teaching.
|
| 700 |
1 |
|
|a Freedman, Richard D.
|
| 700 |
1 |
|
|a Cooper, Cary L.
|
| 700 |
1 |
|
|a Stumpf, Stephen A.
|
| 999 |
|
|
|a MARS
|
| 999 |
f |
f |
|s debb5a90-526f-3eae-afb3-9de45329823a
|i d9ce80ac-9f85-38c5-bf48-1a9403997b96
|t 0
|
| 952 |
f |
f |
|p ric
|a Texas A&M University
|b Rellis Campus
|c Joint Library Facility
|d Remote Storage
|t 0
|e HD30.4 M35
|h Library of Congress classification
|i unmediated -- volume
|m A14806014745
|
| 998 |
f |
f |
|a HD30.4 M35
|t 0
|l Remote Storage
|